000 00585nam a2200205Ia 4500
005 20250923145029.0
008 008 250917s9999 xx 000 0 eng d
037 _aTextual
040 _aDSWL
_beng
_cDSWL
041 _aeng
_2eng
084 _aX:9.73.N6, K1
_qDSWL
100 _aPherlps, O.W.
_9831051
245 0 _aIntroduction to labour economics
_cby O.W. Pherlps
260 _aNew York
_b McGraw Hill Book Co.
_c1961
300 _axii,413 p.
365 _aUSD
_b7.5
925 _g7.5
942 _cTEXL
_hX:9.73.N6, K1
999 _c1446235
_d1446235